000 00487nam a2200181Ia 4500
001 8053
005 20260306160540.0
008 260306t2014||||xx |||||||||||||| ||spa||
041 _aESP
082 _a370.1
_bF41
100 _aFérnandez Mouján, Inés
_eAUT
245 0 _aProblemas contemporáneos en filosofía de la educación:
_bun recorrido en 12 lecciones
260 _c2014
300 _a166 páginas :
_c28 cm.
650 _aGEN
654 _aCED
942 _cLIB
_dJUS
_fJUS
_2ddc
_n
999 _c8053
_d8053